| 000 | 00881nam a22002057i 4500 | ||
|---|---|---|---|
| 999 |
_c23572 _d23572 |
||
| 003 | AR-CdUCM | ||
| 008 | 260331b20232023 pea|||| |||| 00| 0 spa d | ||
| 020 | _a978-612-48396-5-8 | ||
| 040 |
_aMUNICIPALIDAD PROVINCIAL DEL CUSCO _cBIBLIOTECA MUNICIPAL DEL CUSCO |
||
| 041 | _hspa | ||
| 082 |
_aPI / 863 _bV19 |
||
| 100 |
_aValdizán, Luigi _948523 |
||
| 245 | _aDiente de león / | ||
| 260 |
_aSurco-Lima Perú: _bPolifonía Editora GIO SAC. _c2026 |
||
| 300 |
_a20 páginas. : _c18x18 cm. |
||
| 505 | _aDiente de león | ||
| 856 | _fwww.polifoniaeditora.com | ||
| 942 |
_2ddc _cLIBROS |
||
| 945 |
_apbjr _d 31-03-2026 |
||